<?xml version="1.0" encoding="UTF-8"?><?xml-stylesheet type="text/xsl" href="static/style.xsl"?><OAI-PMH xmlns="http://www.openarchives.org/OAI/2.0/" xmlns:xsi="http://www.w3.org/2001/XMLSchema-instance" xsi:schemaLocation="http://www.openarchives.org/OAI/2.0/ http://www.openarchives.org/OAI/2.0/OAI-PMH.xsd"><responseDate>2026-06-06T19:03:18Z</responseDate><request verb="GetRecord" identifier="oai:riuma.uma.es:10630/11924" metadataPrefix="marc">https://riuma.uma.es/rest/oai/request</request><GetRecord><record><header><identifier>oai:riuma.uma.es:10630/11924</identifier><datestamp>2026-03-03T10:35:08Z</datestamp><setSpec>com_10630_1685</setSpec><setSpec>col_10630_38084</setSpec></header><metadata><record xmlns="http://www.loc.gov/MARC21/slim" xmlns:dcterms="http://purl.org/dc/terms/" xmlns:doc="http://www.lyncode.com/xoai" xmlns:xsi="http://www.w3.org/2001/XMLSchema-instance" xsi:schemaLocation="http://www.loc.gov/MARC21/slim http://www.loc.gov/standards/marcxml/schema/MARC21slim.xsd">
   <leader>00925njm 22002777a 4500</leader>
   <datafield ind2=" " ind1=" " tag="042">
      <subfield code="a">dc</subfield>
   </datafield>
   <datafield ind2=" " ind1=" " tag="720">
      <subfield code="a">Pino-Díaz, José</subfield>
      <subfield code="e">author</subfield>
   </datafield>
   <datafield ind2=" " ind1=" " tag="260">
      <subfield code="c">2016-08-30</subfield>
   </datafield>
   <datafield ind2=" " ind1=" " tag="520">
      <subfield code="a">R.TeMiS (R Text MIning Solution) (Bouchet-Valat &amp; Bastin, 2013) es un paquete de R  (RcmdrPlugin.temis) (Bouchet-Valat, 2016), concebido como plugin de R Commander, que permite analizar, manipular y crear corpus de textos (Garnier, 2014).&#xd;
La arquitectura estadística de RTemis corre a cargo del paquete tm desarrollado por Ingo Feinerer (Feinerer, 2008 ; 2011 ; Feinerer, Hornik y Meyer, 2008). R.TeMiS se ha completado con otros paquetes clásicos de R, como el paquete para la representación de los análisis factoriales de correspondencias de Nenadic y Greenacre (2007). También se han desarrollado paquetes específicos para facilitar el uso de R.TeMiS en los estudios de prensa, por ejemplo para la gestión de los corpus de artículos de prensa de la base de datos Factiva.&#xd;
R.TeMiS se presenta como un plugin de R Commander, desarrollado por Fox (2005), lo cual facilita su utilización para los no usuarios de R.</subfield>
   </datafield>
   <datafield ind1="8" ind2=" " tag="024">
      <subfield code="a">http://hdl.handle.net/10630/11924</subfield>
   </datafield>
   <datafield ind1="8" ind2=" " tag="024">
      <subfield code="a">orcid.org/0000-0002-9865-8008</subfield>
   </datafield>
   <datafield tag="653" ind2=" " ind1=" ">
      <subfield code="a">Minería de datos</subfield>
   </datafield>
   <datafield ind2="0" ind1="0" tag="245">
      <subfield code="a">Tutorial de R-Text Mining Solution</subfield>
   </datafield>
</record>
</metadata></record></GetRecord></OAI-PMH>